| 000 | 00771nam a2200217 i 4500 | ||
|---|---|---|---|
| 003 | IT-RoINE | ||
| 005 | 20160209061610.0 | ||
| 008 | 960722s1954 sp r | spa d | ||
| 040 |
_aSpMaBN _cCDM IT-RoINE _dIT-RoINE |
||
| 100 | 1 |
_aPérez de Guzmán, Fernán, _dca. 1376-1460 _922588 |
|
| 245 | 1 | 0 |
_aGeneraciones y semblanzas / _cFernán Pérez de Guzmán ; edición y notas de J. Domínguez Bordona. |
| 260 |
_aMadrid : _bEspasa-Calpe, _c1954. |
||
| 300 |
_aXXXVI, 228 p. ; _c20 cm. |
||
| 336 |
_2rdacontent _atext |
||
| 337 |
_2rdamedia _aunmediated |
||
| 338 |
_2rdacarrier _avolume |
||
| 490 | 1 |
_aClásicos castellanos ; _v61 |
|
| 700 | 1 |
_aDomínguez Bordona, Jesús, _d1889-1963 _922589 |
|
| 830 | 0 |
_922520 _aClásicos castellanos (Espasa-Calpe) ; _v61 |
|
| 942 | _cMTS | ||
| 999 |
_c10950 _d10950 |
||